00391nam a2200169Ia 4500008004100000020001800041245002400059245002100083260001500104260001600119260000900135300001500144300002500159300001000184500000800194999001900202170705s9999 xx 000 0 und d a9780545007177 aRain forest homes / cby Lydia Carlin. aNew York : bScholastic, c2007 a16 pages : bcolor illustration ; c23cm. a560 c337160d337160